[Event "Moia op 6th"]
[Site "Moia"]
[Date "2017.11.03"]
[Round "6"]
[White "Thos Rodriguez, Jordi"]
[Black "Roca Codina, Josep"]
[Result "1/2-1/2"]
[WhiteElo "1123"]
[BlackElo "1632"]
[PlyCount "62"]
[EventDate "2017.09.22"]
[EventType "swiss"]
[EventRounds "8"]
[EventCountry "ESP"]
[SourceTitle "CBM 189 Extra"]
[Source "ChessBase"]
[SourceDate "2019.06.03"]
[SourceVersion "1"]
[SourceVersionDate "2019.06.03"]
[SourceQuality "1"]

1. e4 c5 2. Bc4 a6 3. a4 e6 4. Nc3 Be7 5. Nge2 Nc6 6. d4 cxd4 7. Nxd4 Nf6 8. 0-0 d6 9. Bb3 0-0 10. Be3 Nxd4 11. Qxd4 e5 12. Qd3 Be6 13. Nd5 Bxd5 14. exd5 Ne8 15. a5 f5 16. Bb6 Qc8 17. f3 Bd8 18. Be3 f4 19. Bf2 Qf5 20. Qe2 Kh8 21. c4 Be7 22. Bc2 Qf7 23. Qd3 g6 24. Bb3 Qf5 25. Qe2 Kg7 26. Rac1 h5 27. g4 hxg4 28. fxg4 Qg5 29. h3 Qh6 30. Kh2 Rh8 31. Qf3 e4 1/2-1/2

[Event "Moia op 6th"]
[Site "Moia"]
[Date "2017.09.29"]
[Round "2"]
[White "Thos Rodriguez, Jordi"]
[Black "Saborit Verdaguer, Roger"]
[Result "1/2-1/2"]
[WhiteElo "1123"]
[BlackElo "1567"]
[PlyCount "117"]
[EventDate "2017.09.22"]
[EventType "swiss"]
[EventRounds "8"]
[EventCountry "ESP"]
[SourceTitle "CBM 189 Extra"]
[Source "ChessBase"]
[SourceDate "2019.06.03"]
[SourceVersion "1"]
[SourceVersionDate "2019.06.03"]
[SourceQuality "1"]

1. d4 Nf6 2. c4 e5 3. dxe5 Ng4 4. Nf3 Nc6 5. Qd5 d6 6. Ng5 Qe7 7. exd6 cxd6 8. a3 h6 9. Nf3 Be6 10. Qe4 Qf6 11. h3 Nge5 12. Nxe5 Qxe5 13. Qd3 Be7 14. Nd2 0-0 15. Nf3 Qa5+ 16. Bd2 Qc7 17. Bc3 Rfd8 18. e4 Ne5 19. Nxe5 dxe5 20. Qg3 Bf6 21. Qe3 Bxc4 22. Be2 Rd7 23. 0-0 Bg5 24. Qf3 Be6 25. Rad1 Rad8 26. Rxd7 Rxd7 27. Bb5 Rd8 28. Rd1 Bf6 29. Rxd8+ Qxd8 30. Qe2 a6 31. Ba4 b5 32. Bd1 Bc4 33. Qc2 Bd3 34. Qd2 Bg5 35. Qe1 Bxe4 36. Bxe5 Bg6 37. Bf3 Qe7 38. Qc3 Bf6 39. Bxf6 gxf6 40. Qc8+ Kg7 41. Qxa6 Qe1+ 42. Kh2 Qe5+ 43. g3 Qxb2 44. Kg2 Qb3 45. Bc6 Bd3 46. Qa5 Qc4 47. Bf3 Bf1+ 48. Kh2 Qc2 49. Qa7 Qf5 50. Bg2 Bc4 51. Qe3 Qc2 52. Be4 Qb3 53. Qxb3 Bxb3 54. g4 Kf8 55. Kg3 Ke7 56. Kf3 Kd6 57. Ke3 Kc5 58. Bd3 Bd5 59. f3 1/2-1/2